الأربعين في أصول الدين/ (Record no. 6782)
[ view plain ]
| 000 -الفاتح | |
|---|---|
| حقل البيانات ثابتة الطول | 01207nac a22002531u 4500 |
| 008 - عناصر البيانات ثابتة الطول - معلومات عامة | |
| حقل البيانات ثابتة الطول | 100725s ua|||||r|||| 001 0 ara d |
| 082 ## - رقم تصنيف ديوى العشرى | |
| رقم المادة | ر ا ز |
| رقم التصنيف | 240 |
| رقم الطبعة | 22 |
| 100 ## - المدخل الرئيسى - إسم شخصى | |
| الإسم الشخصى | الرازي ، فخر الدين |
| 9 (RLIN) | 16676 |
| الشكل الأكمل للاسم | محمد بن عمر بن الحسين |
| 245 ## - بيان العنوان | |
| العنوان | الأربعين في أصول الدين/ |
| بيان المسئوليه,etc | فخر الدين الرازي ؛ تقديم وتحقيق وتعليق أحمد حجازي السقا |
| 260 ## - PUBLICATION, DISTRIBUTION, ETC. (IMPRINT) | |
| مكان الناشر او الموزع | القاهرة: |
| اسم الناشر او الموزع | مكتبة الكليات الأزهرية ، 1986 |
| تاريخ النشر أو التوزيع | c1986. |
| 300 ## - الوصف المادى | |
| التعداد | 342 ص ؛ |
| أبعاد الوعاء | 24 سم |
| 490 ## - بيان السلسلة | |
| -- | 16684 |
| عنوان السلسلة | ؛من تراث الرازي |
| -- | 11 |
| 511 ## - | |
| -- | Catalogued by: Sara |
| 541 ## - تبصرة المصدر المباشر للتزويد | |
| مصدر التزويد | ألف باء ؛ |
| طريقة التزويد | شراء ؛ |
| 650 ## - المدخل الاضافى بالموضوع-مصطلح موضوعى | |
| مصطلح موضوعي أو اسم جغرافي كعنصر مدخل | علم الكلام |
| 9 (RLIN) | 16065 |
| 650 ## - المدخل الاضافى بالموضوع-مصطلح موضوعى | |
| مصطلح موضوعي أو اسم جغرافي كعنصر مدخل | الملائكة |
| 9 (RLIN) | 13530 |
| 650 ## - المدخل الاضافى بالموضوع-مصطلح موضوعى | |
| مصطلح موضوعي أو اسم جغرافي كعنصر مدخل | الثواب والعقاب |
| 9 (RLIN) | 13529 |
| 650 ## - المدخل الاضافى بالموضوع-مصطلح موضوعى | |
| مصطلح موضوعي أو اسم جغرافي كعنصر مدخل | الشفاعة |
| 9 (RLIN) | 16982 |
| 650 ## - المدخل الاضافى بالموضوع-مصطلح موضوعى | |
| مصطلح موضوعي أو اسم جغرافي كعنصر مدخل | النبوات |
| 9 (RLIN) | 16983 |
| 650 ## - المدخل الاضافى بالموضوع-مصطلح موضوعى | |
| مصطلح موضوعي أو اسم جغرافي كعنصر مدخل | الإمامة |
| 9 (RLIN) | 16984 |
| 700 ## - المدخل الاضافى - اسم شخصى | |
| الإسم الشخصى | السقا ، أحمد حجازي |
| 9 (RLIN) | 16685 |
| 942 ## - عناصر المدخل الإضافي( كوها) | |
| Koha [default] item type | Book - Borrowing |
| سابقة رقم الطلب | 240 ر ا ز |
| مصدر التصنيف او مخطط الترفيف | Dewey Decimal Classification |
| حالة التراجع | حالة الفقد | مصدر التصنيف او خطة الترفيف | حالة تلف | ليس للاعارة | مجموعات كوها | المكان الدائم | المكان الحالي | موقع الترفيف | تاريخ الاكتساب | Source of acquisition | رقم الاستدعاء | الباركود | Date last seen | مُعار | نوع الوعاء |
|---|---|---|---|---|---|---|---|---|---|---|---|---|---|---|---|
| Dewey Decimal Classification | Alef-Baa | Central Library | Central Library | Lower Floor | 25/07/2010 | 240 ر ا ز | 000008433 | 15/07/2025 | 28/05/2013 | Book - Borrowing |